| 000 | 00355nam a2200157Ia 4500 | ||
|---|---|---|---|
| 008 | 210210b1966 xxu||||| |||| 00| 0 eng d | ||
| 041 | _aeng | ||
| 082 | _a580/239 | ||
| 100 | _aSANTAPAN (H) | ||
| 245 | _aCommon trees | ||
| 260 |
_aNew Delhi _bNational Book Trust _c1966 |
||
| 650 | _atrees | ||
| 650 | _aCommon | ||
| 690 | _aBotany | ||
| 906 | _a010495 | ||
| 999 |
_c138263 _d138263 |
||